000 00274nam a22001217a 4500
008 170822b xxu||||| |||| 00| 0 eng d
041 _aeng
080 _a51
100 _a38
101 _aMAT
245 _aANALYTIC GEOMETRY AND THE CALCULUS
_cGOODMAN,A.W
942 _2udc
_cBK
999 _c24508
_d24508